| 000 | 01369nam a2200337 4500 | ||
|---|---|---|---|
| 001 | 103 | ||
| 003 | OSt | ||
| 005 | 20250127080655.0 | ||
| 008 | 250127b |||||||e |||| 00| 0 eng d | ||
| 040 | _bpor | ||
| 041 |
_heng _apor |
||
| 082 |
_a813 _bC246s |
||
| 100 | 1 |
_aCapote, Truman, _d1924-1984 _9225 |
|
| 240 | _aIn cold blood | ||
| 245 |
_aA sangue frio: / _bO relato fiel de um assassinato múltiplo e suas complicações / _cCapote, Truman ; Tradução de Ivan Lessa |
||
| 260 |
_aSão Paulo _bAbril _c1980 |
||
| 300 | _a412 p. | ||
| 490 | 1 | _aGrandes Sucessos - Abril Cultural | |
| 520 | _aO relato de um brutal assassinato. Capote combina acurado estilo jornalístico com grande imaginação literária. E concretiza um antigo sonho: o romance de não-ficção. Para isso, preparou-se durante anos. Pesquisou, colheu pistas e impressões. Graças a esse extraordinário trabalho, A Sangue Frio constitui um impressionante documento. Mas é também uma obra-prima literária. | ||
| 650 | 0 |
_aLiteratura Americana _984 |
|
| 650 | 0 |
_aCrime e Investigação _913 |
|
| 650 | 0 |
_aSerial Killer _9157 |
|
| 650 | 0 |
_aFatos Reais _933 |
|
| 650 | 0 |
_aFilme _926 |
|
| 650 | 0 |
_aClássicos _977 |
|
| 655 | 0 |
_aRomance _923 |
|
| 655 | 0 |
_aNão Ficção _9102 |
|
| 700 |
_aIvan lessa _eTradutor _9226 |
||
| 830 |
_aGrandes Sucessos - Abril Cultural _9142 |
||
| 942 |
_2ddc _n0 _cBK |
||
| 999 |
_c103 _d103 |
||